| 000 | 00587nam a2200229Ia 4500 | ||
|---|---|---|---|
| 008 | 160303s9999 xx 000 0 und d | ||
| 020 | _a971-8558-48-5 | ||
| 050 | _aFIL BF 698 | ||
| 050 | _b.L56 2007 c.1 | ||
| 100 | _aLimpingco, Delia A. | ||
| 245 | _aPersonality / | ||
| 245 | _cDelia A. Limpingco, Geraldine E. Tria. | ||
| 250 | _a3rd Edition | ||
| 260 | _aQuezon City: | ||
| 260 | _bKen Inc., | ||
| 260 | _c2007 | ||
| 300 | _a166 pages : | ||
| 300 | _billustrations ; | ||
| 300 | _c22 cm. | ||
| 500 | _aIncludes bibliographical references. | ||
| 650 | _aPersonality. | ||
| 999 |
_c291139 _d291139 |
||